Adaptive Control:/ (Record no. 1969)

MARC details
000 -LEADER
Fixed length control field 00441nam a2200169 4500
003 - CONTROL NUMBER IDENTIFIER
Control field SEACOMEC
005 - DATE AND TIME OF LATEST TRANSACTION
Control field 20250124125719.0
008 - FIXED-LENGTH DATA ELEMENTS--GENERAL INFORMATION
Fixed length control field 250124b |||||||| |||| 00| 0 eng d
020 ## - INTERNATIONAL STANDARD BOOK NUMBER / ISBN
International Standard Book Number 9780486319148
Price 375.00
040 ## - CATALOGING SOURCE
Original cataloging agency SEACOMEC
082 ## - DEWEY DECIMAL CLASSIFICATION NUMBER
Classification number 654.836
Book Number A859
100 ## - MAIN ENTRY--PERSONAL NAME
Personal name Åström, Karl J.
245 ## - TITLE STATEMENT
Title Adaptive Control:/
Statement of responsibility Karl J. Åström, Björn Wittenmark
250 ## - EDITION STATEMENT
Edition statement 2nd ed
260 ## - IMPRINT
Place of publication New Delhi
Name of publisher Pearson
Date of publication 1995
942 ## - ADDED ENTRY ELEMENTS (KOHA)
Koha item type Books
Holdings
Withdrawn status Lost status Source of classification Damaged status Not for loan Home library Current library Date acquired Total Checkouts Call number Accession number Date last seen Price effective from Koha item type Copy number
    Dewey Decimal Classification     SEACOM ENGINEERING COLLEGE SEACOM ENGINEERING COLLEGE 30/07/2008   654.836 A859 12412 24/01/2025 24/01/2025 Books  
    Dewey Decimal Classification     SEACOM ENGINEERING COLLEGE SEACOM ENGINEERING COLLEGE 30/07/2008   654.836 A859 12413 24/01/2025 24/01/2025 Books 1
© Seacom Engineering College, All rights reserved.      Powered by Koha